[Event "MVP-ch Seniors op 13th"]
[Site "Binz"]
[Date "2013.12.05"]
[Round "9"]
[White "Willin, Bernhard"]
[Black "Kempen, Willi"]
[Result "1/2-1/2"]
[WhiteElo "1837"]
[BlackElo "1884"]
[PlyCount "39"]
[EventDate "2013.11.27"]
[EventType "swiss"]
[EventRounds "9"]
[EventCountry "GER"]
[SourceTitle "EXT 2015"]
[Source "ChessBase"]
[SourceDate "2014.11.20"]
[SourceVersion "1"]
[SourceVersionDate "2014.11.20"]
[SourceQuality "1"]

1. d4 d5 2. Nf3 Nf6 3. c4 e6 4. Bg5 c6 5. e3 Be7 6. Nc3 Ne4 7. Bxe7 Qxe7 8. Rc1 0-0 9. Be2 Nd7 10. 0-0 f5 11. Nxe4 fxe4 12. Ne1 Qg5 13. Nc2 Nf6 14. f4 exf3 15. Rxf3 e5 16. dxe5 Qxe5 17. Qd4 Qxd4 18. Nxd4 Bg4 19. Rf4 Bxe2 20. Nxe2 1/2-1/2

[Event "MVP-ch Seniors op 13th"]
[Site "Binz"]
[Date "2013.12.04"]
[Round "8"]
[White "Kempen, Willi"]
[Black "Liphardt, Bodo"]
[Result "1/2-1/2"]
[WhiteElo "1884"]
[BlackElo "1782"]
[PlyCount "36"]
[EventDate "2013.11.27"]
[EventType "swiss"]
[EventRounds "9"]
[EventCountry "GER"]
[SourceTitle "EXT 2015"]
[Source "ChessBase"]
[SourceDate "2014.11.20"]
[SourceVersion "1"]
[SourceVersionDate "2014.11.20"]
[SourceQuality "1"]

1. e4 d5 2. exd5 Nf6 3. d4 Nxd5 4. Nf3 g6 5. c3 Bg4 6. h3 Bxf3 7. Qxf3 Bg7 8. Bc4 c6 9. 0-0 0-0 10. Nd2 Nb6 11. Bb3 N8d7 12. Ne4 Nf6 13. Nxf6+ Bxf6 14. Bf4 Nd5 15. Rfe1 Nxf4 16. Qxf4 e6 17. Re2 Bg5 18. Qe5 Bf6 1/2-1/2

[Event "MVP-ch Seniors op 13th"]
[Site "Binz"]
[Date "2013.11.29"]
[Round "3"]
[White "Mueller Clostermann, Bruno"]
[Black "Kempen, Willi"]
[Result "1-0"]
[WhiteElo "2048"]
[BlackElo "1884"]
[PlyCount "65"]
[EventDate "2013.11.27"]
[EventType "swiss"]
[EventRounds "9"]
[EventCountry "GER"]
[SourceTitle "EXT 2015"]
[Source "ChessBase"]
[SourceDate "2014.11.20"]
[SourceVersion "1"]
[SourceVersionDate "2014.11.20"]
[SourceQuality "1"]

1. d4 d5 2. Nf3 Nf6 3. g3 e6 4. Bg2 c5 5. 0-0 Nc6 6. c4 cxd4 7. Nxd4 Qb6 8. Nxc6 bxc6 9. Nc3 Ba6 10. cxd5 exd5 11. Qa4 Bb5 12. Nxb5 Qxb5 13. Qxb5 cxb5 14. Rd1 Rd8 15. Be3 a6 16. a4 b4 17. Rac1 Be7 18. Bb6 Rb8 19. Bc7 Rc8 20. Bh3 Ra8 21. a5 0-0 22. Rc6 Rfe8 23. e3 Bd8 24. Rdc1 h6 25. Bxd8 Rexd8 26. Bf1 d4 27. exd4 Rxd4 28. Rxa6 Rxa6 29. Bxa6 Rd5 30. Ra1 Rd2 31. Bb7 Ng4 32. a6 Nxf2 33. a7 1-0

[Event "Dresden ZMD op 22nd"]
[Site "Dresden"]
[Date "2013.08.18"]
[Round "9"]
[White "Kempen, Willi"]
[Black "Ditmas, Hugh"]
[Result "0-1"]
[WhiteElo "2059"]
[BlackElo "1997"]
[PlyCount "34"]
[EventDate "2013.08.10"]
[EventType "swiss"]
[EventRounds "9"]
[EventCountry "GER"]
[SourceTitle "CBM 155 Extra"]
[Source "ChessBase"]
[SourceDate "2013.08.26"]
[SourceVersion "1"]
[SourceVersionDate "2013.08.26"]
[SourceQuality "1"]

1. Nf3 Nf6 2. g3 e6 3. c4 d5 4. cxd5 exd5 5. d4 c6 6. Bg2 Bd6 7. 0-0 0-0 8. Bg5 Nbd7 9. Nc3 h6 10. Bxf6 Nxf6 11. Ne5 Re8 12. Nf3 Bf5 13. Rc1 Qb6 14. b3 Ba3 15. Ra1 Qa5 16. e4 dxe4 17. Nh4 Bh7 0-1

[Event "Hessen-ch Seniors op 09th"]
[Site "Bad Sooden-Allendorf"]
[Date "2013.04.23"]
[Round "4"]
[White "Kolkwitz, Klaus"]
[Black "Kempen, Willi"]
[Result "0-1"]
[WhiteElo "1848"]
[BlackElo "2036"]
[PlyCount "24"]
[EventDate "2013.04.20"]
[EventType "swiss"]
[EventRounds "9"]
[EventCountry "GER"]
[SourceTitle "EXT 2019"]
[Source "ChessBase"]
[SourceDate "2018.10.10"]
[SourceVersion "1"]
[SourceVersionDate "2018.10.10"]
[SourceQuality "1"]

1. d4 d5 2. Bf4 e6 3. e3 Nf6 4. Nd2 Bd6 5. Bg3 0-0 6. Ngf3 Ne4 7. Bd3 f5 8. Ne5 c5 9. c3 Nc6 10. f4 Qe8 11. Ndf3 Qh5 12. Ng5 Nxg3 0-1

[Event "GER-ch Seniors"]
[Site "Dresden"]
[Date "2012.08.09"]
[Round "1"]
[White "Knaak, Joachim"]
[Black "Kempen, Willi"]
[Result "1/2-1/2"]
[WhiteElo "2190"]
[BlackElo "2034"]
[PlyCount "113"]
[EventDate "2012.08.09"]
[EventType "swiss"]
[EventRounds "9"]
[EventCountry "GER"]
[SourceTitle "EXT 2014"]
[Source "ChessBase"]
[SourceDate "2013.11.20"]
[SourceVersion "1"]
[SourceVersionDate "2013.11.20"]
[SourceQuality "1"]

1. d4 d5 2. c4 c6 3. Nf3 Nf6 4. Nc3 a6 5. e3 e6 6. Qc2 Bd6 7. Be2 Nbd7 8. 0-0 e5 9. cxd5 cxd5 10. dxe5 Nxe5 11. Rd1 Qc7 12. h3 0-0 13. a4 Be6 14. Nd4 Rac8 15. Qb3 Rfd8 16. Bd2 Qd7 17. Nxe6 fxe6 18. a5 Nc4 19. Be1 Bb8 20. Na4 Qc7 21. g3 Ba7 22. Rac1 Rf8 23. Qd3 Qe5 24. Bc3 Qb8 25. Kg2 Ne4 26. Be1 Rc7 27. Bg4 Qe8 28. Nb6 Nxb2 29. Qd4 Rxc1 30. Rxc1 Nc4 31. Be2 Nxb6 32. axb6 Bb8 33. f3 Nf6 34. Bb4 Rf7 35. Qc5 Rd7 36. Bd1 Bd6 37. Qc3 Qd8 38. Bxd6 Rxd6 39. Qc8 Qxc8 40. Rxc8+ Kf7 41. Rc7+ Kg6 42. Bc2+ Kh6 43. Rxb7 Nd7 44. g4 Nxb6 45. h4 Nc4 46. Kh3 Nxe3 47. g5+ Kh5 48. Bxh7 Nf5 49. Bxf5 exf5 50. Rxg7 Rd8 51. Rh7+ Kg6 52. Rh6+ Kg7 53. Rxa6 d4 54. Ra2 d3 55. Rd2 Kg6 56. Kg3 Rd4 57. f4 1/2-1/2

[Event "Hessen-ch Seniors op 08th"]
[Site "Bad Sooden-Allendorf"]
[Date "2012.04.22"]
[Round "9"]
[White "Kempen, Willi"]
[Black "Brandt, Fred"]
[Result "1/2-1/2"]
[WhiteElo "2032"]
[BlackElo "1901"]
[PlyCount "21"]
[EventDate "2012.04.14"]
[EventType "swiss"]
[EventRounds "9"]
[EventCountry "GER"]
[SourceTitle "EXT 2019"]
[Source "ChessBase"]
[SourceDate "2018.10.10"]
[SourceVersion "1"]
[SourceVersionDate "2018.10.10"]
[SourceQuality "1"]

1. e4 e5 2. Nf3 Nf6 3. Nxe5 d6 4. Nf3 Nxe4 5. d4 d5 6. Bd3 Be7 7. 0-0 0-0 8. c4 c6 9. Nc3 Nf6 10. h3 Nbd7 11. cxd5 1/2-1/2

[Event "MVP-ch Seniors op 11th"]
[Site "Binz"]
[Date "2011.12.05"]
[Round "6.29"]
[White "Kreie, Guenther"]
[Black "Kempen, Willi"]
[Result "1/2-1/2"]
[WhiteElo "1756"]
[BlackElo "1846"]
[PlyCount "41"]
[EventDate "2011.11.30"]
[EventType "swiss"]
[EventRounds "9"]
[EventCountry "GER"]
[SourceTitle "EXT 2013"]
[Source "ChessBase"]
[SourceDate "2012.11.22"]
[SourceVersion "1"]
[SourceVersionDate "2012.11.22"]
[SourceQuality "1"]

1. e4 e5 2. Nf3 Nc6 3. Bc4 Nf6 4. d3 Be7 5. h3 0-0 6. a3 d5 7. exd5 Nxd5 8. 0-0 Bf6 9. Nbd2 Bf5 10. Ne4 Nb6 11. Nxf6+ Qxf6 12. Ba2 e4 13. dxe4 Bxe4 14. Ng5 Bg6 15. c3 Rad8 16. Qf3 Qe7 17. Bf4 Rd3 18. Qg4 Nd5 19. Rfe1 Qd8 20. Nf3 Nxf4 21. Qxf4 1/2-1/2

[Event "MVP-ch Seniors op 11th"]
[Site "Binz"]
[Date "2011.12.03"]
[Round "4.43"]
[White "Krueger, Bernhard"]
[Black "Kempen, Willi"]
[Result "1/2-1/2"]
[WhiteElo "1616"]
[BlackElo "1846"]
[PlyCount "29"]
[EventDate "2011.11.30"]
[EventType "swiss"]
[EventRounds "9"]
[EventCountry "GER"]
[SourceTitle "EXT 2013"]
[Source "ChessBase"]
[SourceDate "2012.11.22"]
[SourceVersion "1"]
[SourceVersionDate "2012.11.22"]
[SourceQuality "1"]

1. d4 d5 2. Nf3 Nf6 3. e3 e6 4. Bd3 Bd6 5. 0-0 c6 6. Nbd2 Nbd7 7. b3 0-0 8. Bb2 Re8 9. Ne5 Nf8 10. c4 Ng6 11. Rc1 a5 12. a4 Qe7 13. c5 Bxe5 14. dxe5 Nd7 15. Bd4 1/2-1/2

[Event "Dresden ZMDI Blitz"]
[Site "Dresden"]
[Date "2011.08.08"]
[Round "3"]
[White "Muehlbacher, Markus"]
[Black "Kempen, Willi"]
[Result "1/2-1/2"]
[WhiteElo "1790"]
[BlackElo "2052"]
[PlyCount "22"]
[EventDate "2011.08.06"]
[EventType "swiss (blitz)"]
[EventRounds "9"]
[EventCountry "GER"]
[SourceTitle "EXT 2022"]
[Source "ChessBase"]
[SourceDate "2021.10.06"]
[SourceVersion "1"]
[SourceVersionDate "2021.10.06"]
[SourceQuality "1"]

1. d4 d5 2. Nf3 Nf6 3. e3 c6 4. Bd3 e6 5. 0-0 Bd6 6. b3 Nbd7 7. Bb2 Qe7 8. Nbd2 0-0 9. c4 b6 10. Rc1 a6 11. Re1 Bb7 1/2-1/2

[Event "Hessen-ch Seniors op 07th"]
[Site "Bad Sooden-Allendorf"]
[Date "2011.05.07"]
[Round "8"]
[White "Kempen, Willi"]
[Black "Kopp, Peter"]
[Result "1/2-1/2"]
[WhiteElo "1971"]
[BlackElo "1979"]
[PlyCount "113"]
[EventDate "2011.04.30"]
[EventType "swiss"]
[EventRounds "9"]
[EventCountry "GER"]
[SourceTitle "EXT 2012"]
[Source "ChessBase"]
[SourceDate "2011.11.24"]
[SourceVersion "1"]
[SourceVersionDate "2011.11.24"]
[SourceQuality "1"]

1. e4 c6 2. d4 d5 3. Nc3 dxe4 4. Nxe4 Nd7 5. Nf3 Ngf6 6. Nxf6+ Nxf6 7. Bd3 Bg4 8. c3 Qd5 9. Be2 e6 10. h3 Bxf3 11. Bxf3 Qd7 12. Bf4 Bd6 13. Bxd6 Qxd6 14. Qb3 Qc7 15. a4 0-0 16. 0-0 Rad8 17. Rfe1 Nd5 18. Bxd5 cxd5 19. Re3 Rc8 20. a5 Rfd8 21. Rae1 Rd6 22. f4 g6 23. h4 Ra6 24. h5 Rxa5 25. hxg6 hxg6 26. f5 gxf5 27. Rh3 Ra6 28. Qd1 Kf8 29. Qh5 Qd8 30. Qh7 Rac6 31. Qh8+ Ke7 32. Qe5 Kd7 33. Rh7 Qe7 34. Qg7 Rf8 35. Rh5 Qd6 36. Rh6 Kc8 37. Rf6 Qd8 38. Rxf7 Rxf7 39. Qxf7 Qd7 40. Qg8+ Kc7 41. Qg3+ Qd6 42. Qg7+ Kb6 43. Ra1 Rc7 44. Qf6 Rc8 45. Re1 Re8 46. Re5 Kc6 47. Qg6 Kd7 48. Qg3 Qa6 49. Re1 Re7 50. Qb8 Qb6 51. b4 a6 52. Qf8 Qd6 53. Re5 Qc7 54. Re3 Qd8 55. Qf6 Qg8 56. Kf2 Qg7 57. Rxe6 1/2-1/2

[Event "Hessen-ch Seniors op 07th"]
[Site "Bad Sooden-Allendorf"]
[Date "2011.05.05"]
[Round "6"]
[White "Gousseinov, Aguif"]
[Black "Kempen, Willi"]
[Result "1/2-1/2"]
[WhiteElo "1843"]
[BlackElo "1971"]
[PlyCount "46"]
[EventDate "2011.04.30"]
[EventType "swiss"]
[EventRounds "9"]
[EventCountry "GER"]
[SourceTitle "EXT 2012"]
[Source "ChessBase"]
[SourceDate "2011.11.24"]
[SourceVersion "1"]
[SourceVersionDate "2011.11.24"]
[SourceQuality "1"]

1. e4 e5 2. Nf3 Nc6 3. Bc4 Nf6 4. Ng5 d5 5. exd5 b5 6. Bf1 Qxd5 7. Nc3 Qd7 8. Bxb5 h6 9. Nf3 Bd6 10. 0-0 0-0 11. d4 exd4 12. Bxc6 Qxc6 13. Nxd4 Qd7 14. Re1 Bb7 15. Be3 Rad8 16. Qe2 Rfe8 17. Qb5 c6 18. Qf5 Qc7 19. h3 Bh2+ 20. Kh1 Re5 21. Qf3 c5 22. Ndb5 Qb8 23. Qe2 Rde8 1/2-1/2

[Event "Hessen-ch Seniors op 07th"]
[Site "Bad Sooden-Allendorf"]
[Date "2011.05.04"]
[Round "5"]
[White "Kempen, Willi"]
[Black "Bachmann, Rolf"]
[Result "1/2-1/2"]
[WhiteElo "1971"]
[BlackElo "1882"]
[PlyCount "80"]
[EventDate "2011.04.30"]
[EventType "swiss"]
[EventRounds "9"]
[EventCountry "GER"]
[SourceTitle "EXT 2012"]
[Source "ChessBase"]
[SourceDate "2011.11.24"]
[SourceVersion "1"]
[SourceVersionDate "2011.11.24"]
[SourceQuality "1"]

1. e4 c5 2. Nf3 d6 3. d4 cxd4 4. Nxd4 Nf6 5. Nc3 a6 6. Bc4 Nc6 7. Bb3 e6 8. Be3 Be7 9. Qf3 0-0 10. 0-0-0 Nxd4 11. Rxd4 Qc7 12. h3 b5 13. g4 Bb7 14. g5 Nd7 15. Qg3 Nc5 16. f3 Rac8 17. Rh2 Rfd8 18. h4 Nxb3+ 19. axb3 d5 20. e5 Bc5 21. g6 Bxd4 22. gxh7+ Kxh7 23. Bxd4 Bc6 24. Rg2 Rg8 25. Qg5 g6 26. Be3 Rg7 27. h5 Kg8 28. h6 Rh7 29. Qf4 d4 30. Bxd4 b4 31. Ne4 Bxe4 32. fxe4 Qd8 33. Be3 Qf8 34. Rh2 Rh8 35. Rd2 Rc7 36. Qf6 Rc8 37. Qg5 Kh7 38. Rd7 Rd8 39. Ra7 Ra8 40. Re7 Re8 1/2-1/2

[Event "Hessen-ch Seniors op 07th"]
[Site "Bad Sooden-Allendorf"]
[Date "2011.04.30"]
[Round "1"]
[White "Kempen, Willi"]
[Black "Wolff, Heinz"]
[Result "1-0"]
[WhiteElo "1971"]
[BlackElo "1386"]
[PlyCount "49"]
[EventDate "2011.04.30"]
[EventType "swiss"]
[EventRounds "9"]
[EventCountry "GER"]
[SourceTitle "EXT 2012"]
[Source "ChessBase"]
[SourceDate "2011.11.24"]
[SourceVersion "1"]
[SourceVersionDate "2011.11.24"]
[SourceQuality "1"]

1. e4 c5 2. Nf3 d6 3. d4 cxd4 4. Nxd4 Nf6 5. Nc3 a6 6. Be2 Nc6 7. Be3 e6 8. Qd2 h6 9. 0-0-0 Qc7 10. Kb1 b5 11. f3 Bb7 12. g4 Ne5 13. h4 Nc4 14. Bxc4 Qxc4 15. g5 Nd7 16. g6 fxg6 17. b3 Qc8 18. Nxe6 Ne5 19. Nxf8 Nxf3 20. Qxd6 Rxf8 21. Nd5 Bxd5 22. Bc5 Rf7 23. exd5 Qd7 24. Qxg6 Rc8 25. Rhe1+ 1-0

[Event "GER-ch Seniors 21st"]
[Site "Dresden"]
[Date "2009.08.04"]
[Round "2"]
[White "Weber, Bernd"]
[Black "Kempen, Willi"]
[Result "1-0"]
[WhiteElo "2153"]
[BlackElo "2131"]
[PlyCount "47"]
[EventDate "2009.08.03"]
[EventType "swiss"]
[EventRounds "9"]
[EventCountry "GER"]
[SourceTitle "CBM 131 Extra"]
[Source "ChessBase"]
[SourceDate "2009.09.03"]
[SourceVersion "2"]
[SourceVersionDate "2009.09.16"]
[SourceQuality "1"]

1. d4 d5 2. Nf3 Nf6 3. c4 e6 4. Nc3 c6 5. cxd5 exd5 6. Bg5 Be7 7. Qc2 h6 8. Bf4 b5 9. e3 Bb7 10. Bd3 Nbd7 11. 0-0 0-0 12. h3 Rc8 13. Bf5 b4 14. Na4 c5 15. dxc5 Bxc5 16. Nxc5 Rxc5 17. Qb3 Qb6 18. Ne5 Nxe5 19. Bxe5 Ba6 20. Rfc1 Rc4 21. Rd1 Bb7 22. Bd3 Rc6 23. Bd4 Qa5 24. a3 1-0

[Event "Hessen-ch Seniors op 05th"]
[Site "Bad Sooden-Allendorf"]
[Date "2009.04.30"]
[Round "6"]
[White "Schroeder, Christian"]
[Black "Kempen, Willi"]
[Result "0-1"]
[WhiteElo "1848"]
[BlackElo "1965"]
[PlyCount "121"]
[EventDate "2009.04.25"]
[EventType "swiss"]
[EventRounds "9"]
[EventCountry "GER"]
[SourceTitle "EXT 2022"]
[Source "ChessBase"]
[SourceDate "2021.10.06"]
[SourceVersion "1"]
[SourceVersionDate "2021.10.06"]
[SourceQuality "1"]

1. c4 c6 2. Nf3 d5 3. b3 Nf6 4. Bb2 e6 5. e3 Nbd7 6. Be2 Bd6 7. d4 Ne4 8. 0-0 0-0 9. Nbd2 f5 10. g3 Qf6 11. Rc1 g5 12. Nxe4 fxe4 13. Ne1 Qh6 14. Ng2 Nf6 15. h4 gxh4 16. Nxh4 Kh8 17. Kg2 Rg8 18. Rh1 Qg5 19. Qe1 Bd7 20. Kf1 Raf8 21. Ng2 Bxg3 22. fxg3 Nh5+ 23. Kg1 Nxg3 24. Rh3 Nf5 25. Bf1 Nxe3 26. Rxe3 Rxf1+ 27. Qxf1 Qxe3+ 28. Qf2 Qg5 29. Rf1 Qf5 30. Bc1 Rg6 31. Qh4 Qg4 32. Qxg4 Rxg4 33. Bh6 Rg8 34. Rf8 Rxf8 35. Bxf8 Kg8 36. Bd6 Kf7 37. Kf2 Kg6 38. Kg3 Kf6 39. Kf4 Be8 40. Ne3 h5 41. Be5+ Kg6 42. Ng2 a6 43. c5 Kh6 44. Bf6 Bg6 45. Bg5+ Kg7 46. Ke5 Kf7 47. Nf4 Bf5 48. Nxh5 Kg6 49. Bc1 Kxh5 50. Kd6 Kg4 51. Kc7 Kf3 52. Kxb7 e3 53. Kxc6 Ke4 54. Kb6 Kxd4 55. Kxa6 e2 56. Bd2 Kxc5 57. b4+ Kc4 58. b5 d4 59. b6 Be4 60. b7 Bxb7+ 61. Kxb7 0-1

[Event "Niedersachsen-ch Seniors op 11th"]
[Site "Bad Bevensen"]
[Date "2008.07.16"]
[Round "9"]
[White "Rychlik, Kurt"]
[Black "Kempen, Willi"]
[Result "1/2-1/2"]
[WhiteElo "1949"]
[BlackElo "1975"]
[PlyCount "22"]
[EventDate "2008.07.08"]
[EventType "swiss"]
[EventRounds "9"]
[EventCountry "GER"]
[SourceTitle "EXT 2022"]
[Source "ChessBase"]
[SourceDate "2021.10.06"]
[SourceVersion "1"]
[SourceVersionDate "2021.10.06"]
[SourceQuality "1"]

1. Nf3 d5 2. d4 Nf6 3. c4 e6 4. Nc3 c6 5. e3 Nbd7 6. Bd3 Bb4 7. 0-0 Bxc3 8. bxc3 Ne4 9. Qc2 Qa5 10. Bb2 f5 11. a4 0-0 1/2-1/2